000 00612nam a2200205Ia 4500
005 20260121110347.0
008 008 260114s9999 xx 000 0 hin d
020 _a9788132349372
037 _aEBOOK
040 _aCRL
_bhin
_cCRL
041 _ahin
_2hin
084 _qCRL
100 _aमनोज कुमार / Rashmi Upadhyay
_9945229
245 0 _aयोग साधना / Yog sadhna
260 _bभाषा प्रकाशन / Bhasha Prakashan
_c2020
856 _uhttps://bhashaprakashan.com/product-details/378189
942 _cEBOOK
999 _c1536893
_d1536893